Daily Capital City Riddle #156 - Statistics

General Stats
  • This quiz has been taken 32 times
  • The average score is 30 of 36
Answer Stats
Type Answer % Correct
Found Letter A
100%
Found Letter D
100%
Alphabet Letter I
100%
Found Letter N
100%
Alphabet Letter O
100%
Alphabet Letter S
100%
Found Letter T
100%
Correctly Placed Letter A
96%
Alphabet Letter B
96%
Alphabet Letter C
96%
Alphabet Letter G
96%
Alphabet Letter E
93%
Alphabet Letter L
93%
Found Letter M
93%
Alphabet Letter W
93%
Correctly Placed Letter A
89%
Found Letter H
89%
Alphabet Letter P
89%
Alphabet Letter R
89%
Found Letter U
89%
Found Letter K
85%
Correctly Placed Letter H
81%
Alphabet Letter V
74%
Alphabet Letter Y
74%
Correctly Placed Letter D
70%
Alphabet Letter F
70%
Correctly Placed Letter M
70%
Correctly Placed Letter N
70%
Correctly Placed Letter T
70%
Correctly Placed Letter U
70%
Alphabet Letter X
70%
Alphabet Letter J
67%
Correctly Placed Letter K
67%
Mystery Capital Kathmandu
67%
Alphabet Letter Q
67%
Alphabet Letter Z
67%
No matching quizzes found
Score Distribution
Percent of People with Each Score
Percentile by Number Answered
Your Score History
You have not taken this quiz